| 000 | 00875nam a22002897a 4500 | ||
|---|---|---|---|
| 001 | BR7400673 | ||
| 003 | BR-BrBNA | ||
| 005 | 20230928084522.0 | ||
| 007 | ta | ||
| 008 | 230509b bl.||||| |||| 00| 0 por d | ||
| 040 |
_aBR-BrBNA _bpor _cBiblioteca Nacional de Agricultura |
||
| 041 | _a(Por) | ||
| 072 |
_aF00; F30 _b0150 |
||
| 090 | _ 0150 BR7400673 | ||
| 110 | 1 |
_aDepartamento de Pesquisas e Experimentacao Agropecuarias, Rio de Janeiro, GB (Brasil) _93167 |
|
| 111 | 1 |
_a1. Reuniao Tecnica de Arroz e Feijao _cCampinas, SP (Brazil) _d5 Feb 1963 |
|
| 245 | 1 | _a1. Reuniao Tecnica de Arroz | |
| 260 | 3 |
_aRio de Janeiro, GB (Brasil): _c1963. |
|
| 300 | _a65 p. | ||
| 650 | _aProducao vegetal | ||
| 650 | _aMelhoramento genetico vegetal | ||
| 650 | _aHibridacao | ||
| 650 | _aVariedade | ||
| 650 | _aArroz | ||
| 909 |
_a202309 _bLucia _c55 _dLucia Elande |
||
| 942 | _cBK | ||
| 999 |
_c19497 _d19497 |
||